000 00595nam a2200193Ia 4500
999 _c39813
_d39813
001 40638
003 PK-LaUMT
005 20220805145610.0
008 140424s9999 xx 000 0 und d
020 _aNA
040 _cPK-LaUMT
082 _aP 304.6021P
_bNAE-S
100 _aNaeem ur Rehman Khattak
245 _aSocio-economicand demographic profile of NWFP
_ban analysis of 1998 population and housing census
_cNaeem ur Rehman Khattak
260 _aIslamabad,Pakistan:
_bPakistan Institute of Development Economics,
_c2004
300 _a118 p.
546 _aEN
942 _cWEEDED OUT
_2ddc